书目信息 |
| 题名: |
全球视角中的城市经济
|
|
| 作者: | 鲍尔钦 , 艾萨克 , 陈 著 ;刘书瀚 , 孙钰 译 | |
| 分册: | ||
| 出版信息: | 长春 吉林人民出版社 2011.01 |
|
| 页数: | 374页 | |
| 开本: | 24cm | |
| 丛书名: | 人文译丛 | |
| 单 册: | ||
| 中图分类: | F299.1 | |
| 科图分类: | ||
| 主题词: | 城市经济--cheng shi jing ji--研究--世界 | |
| 电子资源: | ||
| ISBN: | 978-7-206-07166-9 | |
| 000 | 01387nam 2200337 450 | |
| 001 | 012011742140 | |
| 005 | 20111205112008.78 | |
| 010 | @a978-7-206-07166-9@dCNY44.00 | |
| 100 | @a20111205d2011 em y0chiy0120 ea | |
| 101 | 1 | @achi@ceng |
| 102 | @aCN@b220000 | |
| 105 | @aak z 000yy | |
| 106 | @ar | |
| 200 | 1 | @a全球视角中的城市经济@Aquan qiu shi jiao zhong de cheng shi jing ji@d= Urban economics a global perspective@f(英) 保罗·贝尔琴, 戴维·艾萨克, 吉恩·陈等著@F(ying)bao luo·bei er qin,dai wei·ai sa ke,ji en·chen deng zhu@g刘书瀚, 孙钰等译@Gliu shu han,sun yu deng yi@zeng |
| 205 | @a第2版 | |
| 210 | @a长春@c吉林人民出版社@d2011.01 | |
| 215 | @a374页@c图@d24cm | |
| 225 | 2 | @a人文译丛@Aren wen yi cong |
| 314 | @a责任者规范汉译姓 : 鲍尔钦 | |
| 330 | @a本书综合了地理学、社会学、规划学等各学科的相关知识,在当今日益全球化的社会里,研究城市经济惟一有效的方法就是站在全球的高度审视城市经济的发展。 | |
| 410 | 0 | @12001 @a人文译丛 |
| 500 | 10 | @aUrban economics a global perspective@mChinese |
| 606 | 0 | @a城市经济@Acheng shi jing ji@x研究@y世界 |
| 690 | @aF299.1@v4 | |
| 701 | 1 | @a鲍尔钦@Abao er qin@g(Balchin, Paul N.)@4著 |
| 701 | 1 | @a艾萨克@Aai sa ke@g(Isaac, David)@4著 |
| 701 | 1 | @a陈@Achen@g(Chen, Jean)@4著 |
| 702 | 0 | @a刘书瀚@Aliu shu han@4译 |
| 702 | 0 | @a孙钰@Asun yu@4译 |
| 801 | 0 | @aCN@bQSSK@c20111205 |
| 905 | @b795560@dF299.1@eB296@f1 | |
| 全球视角中的城市经济= Urban economics a global perspective/(英) 保罗·贝尔琴, 戴维·艾萨克, 吉恩·陈等著/刘书瀚, 孙钰等译.-第2版.-长春:吉林人民出版社,2011.01 |
| 374页:图;24cm.-(人文译丛) |
| ISBN 978-7-206-07166-9:CNY44.00 |
| 本书综合了地理学、社会学、规划学等各学科的相关知识,在当今日益全球化的社会里,研究城市经济惟一有效的方法就是站在全球的高度审视城市经济的发展。 |
| ● |
| 相关链接 |
|
|
|
正题名:全球视角中的城市经济
索取号:F299.1/B296
 
预约/预借
| 序号 | 登录号 | 条形码 | 馆藏地/架位号 | 状态 | 备注 |
| 1 | 795560 | 207955603 | 社科库409/409社科库 50排1列3层/ [索取号:F299.1/B296] | 在馆 |